Observaciones de la Sociedad Económica de Amigos del País de Santa Cruz de Tenerife al Real Decreto de 22 de marzo de 1893 sobre división territorial militar en lo que concierne a la provincia de Canarias. (Registro nro. 190319)

Detalles MARC
000 -LEADER
campo de control de longitud fija 00750nam a2200169 i 4500
001 - NÚMERO DE CONTROL
campo de control 190319
003 - IDENTIFICADOR DE NÚMERO DE CONTROL
campo de control ES-MaACL
005 - FECHA Y HORA DE LA ÚLTIMA TRANSACCIÓN
campo de control 20250902095227.0
008 - DATOS DE LONGITUD FIJA--INFORMACIÓN GENERAL
campo de control de longitud fija 201106s1893 sp b |||| | spa d
110 2# - ENTRADA PRINCIPAL--NOMBRE DE ENTIDAD CORPORATIVA
Nombre de entidad corporativa o nombre de jurisdicción como elemento de entrada Real Sociedad Económica de Amigos del País de Tenerife
9 (RLIN) 170697
245 10 - MENCIÓN DEL TÍTULO
Título Observaciones de la Sociedad Económica de Amigos del País de Santa Cruz de Tenerife al Real Decreto de 22 de marzo de 1893 sobre división territorial militar en lo que concierne a la provincia de Canarias.
260 ## - PUBLICACIÓN, DISTRIBUCIÓN, ETC.
Lugar de publicación, distribución, etc. Madrid :
Nombre del editor, distribuidor, etc. [s.n.],
Fecha de publicación, distribución, etc. 1893 (
Fabricante Est. Tip. La Guirnalda)
300 ## - DESCRIPCIÓN FÍSICA
Extensión 35 p. :
Otras características físicas [1] h. de map. pleg. ;
Dimensiones 23 cm.
651 #4 - PUNTO DE ACCESO ADICIONAL DE MATERIA--NOMBRE GEOGRÁFICO
Nombre geográfico Canarias-
Subdivisión general Divisiones territoriales.
9 (RLIN) 170863
852 ## - LOCALIZACIÓN
Ubicación ES-MaACL
Número de control de estantería T-695-F-7
Existencias
Estatus retirado Estado de pérdida Estado de daño No para préstamo Colección Biblioteca de origen Biblioteca actual Ubicación en estantería Fecha de adquisición Fuente de adquisición Total de préstamos Signatura topográfica completa Código de barras Visto por última vez Precio de reemplazo Tipo de ítem Koha
        Colección de folletos Biblioteca del Ateneo de Madrid Biblioteca del Ateneo de Madrid Depósito folletos 15/06/2005     T-695-F-7 1202421 23/02/2023 23/02/2023 Folleto